| 000 | 00758nam a2200205 i 4500 | ||
|---|---|---|---|
| 001 | 22568 | ||
| 003 | ES-MaACL | ||
| 005 | 20230906152722.0 | ||
| 007 | t| | ||
| 008 | 021203s19401950sp ||||1| spa d | ||
| 100 | 1 |
_aAlvarez Martínez, Luis. _920876 |
|
| 245 | 1 | 0 |
_aTrabajo y poesía... / _cLuis Alvarez Martínez. |
| 260 |
_aMadrid : _b[s.n., _c1948?] ( _fGráf. Barragán) |
||
| 300 |
_a45 p. ; _c23 cm. |
||
| 490 | 1 | _aCuadernos de la Escuela de Capacitación Social de Trabajadores. Serie A. Poesía II | |
| 710 | 2 |
_aEscuela de Capacitación Social de Trabajadores. _93532 |
|
| 830 | 0 |
_aCuadernos de la Escuela de Capacitación Social de Trabajadores. Serie A. Poesía II _9228997 |
|
| 852 |
_aES-MaACL _j1884-F-9 _bR.25847 |
||
| 999 |
_c22568 _d22568 |
||